Účtovanie podnikateľov v sústave podvojného účtovníctva po 1. januári 1999

Zmeny účtovnej osnovy a postupov účtovania pre podnikateľov od 1.1.1999. Zmeny v účtových triedach 0 - Investičný majetok, 2 - Finančné účty, 3 - Zúčtovacie vzťahy. Účtovanie u podnikateľov, ktorí vykonávajú zákazkovú výrobu.

Salvato in:
Dettagli Bibliografici
Autore principale: Kontšeková, Zuzana
Natura: Capitolo di libro
Lingua:slovacco
Soggetti:
Tags: Aggiungi Tag
Nessun Tag, puoi essere il primo ad aggiungerne!!

MARC

LEADER 00000naa a2200000 4500
001 r034084
005 20230919085855.0
041 0 |a slo 
044 |a SK 
245 1 0 |a Účtovanie podnikateľov v sústave podvojného účtovníctva po 1. januári 1999  |c Zuzana Kontšeková 
520 |a Zmeny účtovnej osnovy a postupov účtovania pre podnikateľov od 1.1.1999. Zmeny v účtových triedach 0 - Investičný majetok, 2 - Finančné účty, 3 - Zúčtovacie vzťahy. Účtovanie u podnikateľov, ktorí vykonávajú zákazkovú výrobu. 
610 2 0 |a osnova účtová 
610 2 0 |a postupy účtovné 
610 2 0 |a účtovanie 
610 2 0 |a triedy účtové 
610 2 0 |a účtovníctvo podvojné 
610 2 0 |a podnikatelia 
610 2 0 |a opatrenia 
610 2 0 |a MF SR Bratislava 
610 2 0 |a novelizácia 
610 2 0 |a 1999 
100 1 |a Kontšeková, Zuzana